Top 100 Azerbaijani Baby Boys' Names in 2025 - Statistics

General Stats
  • This quiz has been taken 31 times
  • The average score is 10 of 100
Answer Stats
# Name % Correct
4 Əli
92%
14 Məhəmməd
92%
96 Əhməd
75%
18 Amir
58%
7 Ömər
50%
19 Adəm
42%
51 David
33%
30 Həsən
33%
1 Uğur
33%
49 Amin
25%
52 Camal
25%
3 Hüseyn
25%
24 İbrahim
25%
83 İsa
25%
61 Musa
25%
59 Zeyn
25%
35 Aslan
17%
44 İsmayıl
17%
10 Murad
17%
37 Səid
17%
5 Yusif
17%
21 Zeyd
17%
97 Abbas
8%
39 Alixan
8%
26 Altay
8%
13 Ayaz
8%
8 Ayxan
8%
42 Cahid
8%
90 Cavid
8%
34 Cəsur
8%
57 Əbəlfəz
8%
45 Emin
8%
64 Fərhad
8%
89 İlham
8%
80 İlqar
8%
86 Kamal
8%
40 Kənan
8%
41 Mikayıl
8%
77 Nicat
8%
82 Oğuz
8%
85 Osman
8%
60 Polad
8%
73 Rauf
8%
2 Raul
8%
76 Ruslan
8%
58 Rüzgar
8%
50 Rza
8%
69 Şahin
8%
16 Tuncay
8%
81 Turqut
8%
20 Ümid
8%
100 Zöhrab
8%
28 Alparslan
0%
56 Araz
0%
55 Arda
0%
78 Arif
0%
17 Atilla
0%
92 Azad
0%
98 Azər
0%
74 Cavad
0%
93 Cəbrayıl
0%
25 Cihan
0%
29 Davud
0%
88 Əkbər
0%
54 Elcan
0%
66 Elmir
0%
99 Elvin
0%
31 Emil
0%
75 Eşqin
0%
11 Fateh
0%
36 Fərid
0%
47 Fuad
0%
38 Harun
0%
22 Mehdi
0%
79 Məhəmmədəli
0%
48 Mirac
0%
6 Miran
0%
33 Nihad
0%
87 Nurlan
0%
68 Ömür
0%
12 Onur
0%
43 Ramal
0%
32 Renat
0%
27 Rəsul
0%
70 Rəvan
0%
53 Sadiq
0%
15 Səccad
0%
67 Sənan
0%
63 Sübhan
0%
65 Süleyman
0%
71 Tamerlan
0%
94 Tərlan
0%
46 Timur
0%
62 Toğrul
0%
9 Tunar
0%
23 Turan
0%
95 Vaqif
0%
91 Vüqar
0%
84 Yaqub
0%
72 Yunis
0%
No matching quizzes found
Score Distribution
Percent of People with Each Score
Percentile by Number Answered
Your Score History
You have not taken this quiz